[Event "EST-chT 21st"]
[Site "Tallinn"]
[Date "2006.03.26"]
[Round "7"]
[White "Jermolina, Jekaterina"]
[Black "Narva, Triin"]
[Result "0-1"]
[WhiteElo "1809"]
[BlackElo "1843"]
[PlyCount "124"]
[EventDate "2006.03.23"]
[EventType "team"]
[EventRounds "7"]
[EventCountry "EST"]
[SourceTitle "EXT 2007"]
[Source "ChessBase"]
[SourceDate "2006.11.23"]
[SourceVersion "1"]
[SourceVersionDate "2006.11.23"]
[SourceQuality "1"]
[WhiteTeam "Vabaettur II"]
[BlackTeam "Reval Sport"]
[WhiteTeamCountry "EST"]
[BlackTeamCountry "EST"]

1. e4 c5 2. Nf3 d6 3. d4 cxd4 4. Nxd4 Nf6 5. Nc3 g6 6. Bc4 Bg7 7. 0-0 Nc6 8. Nf3 Bg4 9. h3 Bxf3 10. Qxf3 Ne5 11. Qe2 Nxc4 12. Qxc4 0-0 13. Be3 a6 14. Rab1 b5 15. Qd3 Rc8 16. Nd5 Nxd5 17. exd5 Qc7 18. Rfc1 b4 19. c4 bxc3 20. bxc3 Qa5 21. Rc2 Rxc3 22. Rxc3 Bxc3 23. Rb7 Be5 24. f4 Bf6 25. Ra7 Bh4 26. Qd2 Qb5 27. Kh2 Rc8 28. f5 Bf6 29. fxg6 hxg6 30. Bg5 Bc3 31. Qe3 Qxd5 32. Rxa6 Be5+ 33. Bf4 Bxf4+ 34. Qxf4 Rc2 35. Qg4 Rxa2 36. Qc8+ Kg7 37. Rxa2 Qxa2 38. Qc3+ f6 39. Qe3 Kf7 40. Qh6 Qc2 41. Qh7+ Ke6 42. Qg8+ Kd7 43. Qa8 Qc5 44. Qa4+ Ke6 45. Qg4+ Kf7 46. Qh4 Qe5+ 47. Kh1 Qh5 48. Qc4+ Kg7 49. Qe6 Qe5 50. Qg4 d5 51. Qf3 Qe4 52. Qd1 d4 53. Qd2 d3 54. Kg1 Qe2 55. Qxe2 dxe2 56. Kf2 e1Q+ 57. Kxe1 e5 58. Ke2 f5 59. Ke3 g5 60. g3 Kg6 61. Kf3 Kf6 62. g4 e4+ 0-1